Running from reality. (Record no. 16794)

000 -LEADER
fixed length control field 00487nam a2200169 a 4500
001 - CONTROL NUMBER
control field :::00020080$&:&@@
003 - CONTROL NUMBER IDENTIFIER
control field OkBaRHE
005 - DATE AND TIME OF LATEST TRANSACTION
control field 20011211120003.0
008 - FIXED-LENGTH DATA ELEMENTS--GENERAL INFORMATION
fixed length control field s1983 j 000 0 eng u
040 ## - CATALOGING SOURCE
Transcribing agency
100 1# - MAIN ENTRY--PERSONAL NAME
Personal name Green, Michael
245 10 - TITLE STATEMENT
Title Running from reality.
260 ## - PUBLICATION, DISTRIBUTION, ETC. (IMPRINT)
Place of publication, distribution, etc Downers Grove, IL
Name of publisher, distributor, etc InterVarsity Press
Date of publication, distribution, etc 1983
300 ## - PHYSICAL DESCRIPTION
Extent 127 p.
942 ## - ADDED ENTRY ELEMENTS (KOHA)
Source of classification or shelving scheme
Koha item type Books
Copies
Barcode Price effective from Withdrawn status Copy number Lost status Source of classification or shelving scheme Permanent Location Koha item type Date last seen Damaged status Full call number Not for loan Shelving location Date acquired
200802010-04-14 1  RHEMA Bible Training CollegeBooks2010-04-14 BT 1102 .G746 General Stacks2010-04-14